| 000 | 00705cam a22002294a 4500 | ||
|---|---|---|---|
| 001 | 11980145 | ||
| 005 | 20180227042745.0 | ||
| 008 | 000419s2001 txua 001 0 eng | ||
| 010 | _a 00103718 | ||
| 020 | _a0030299888 | ||
| 040 |
_aDLC _cDLC _dDLC |
||
| 041 | _aeng | ||
| 042 | _apcc | ||
| 080 | _a512.9 HUN | ||
| 082 | 0 | 0 |
_a512.9 HUN _221 |
| 100 | 1 | _a36 | |
| 101 | _aMAT | ||
| 245 | 1 | 0 |
_aContemporary college algebra and trigonometry : _cThomas W. Hungerford. |
| 906 |
_a7 _bcbc _corignew _d2 _eepcn _f20 _gy-gencatlg |
||
| 942 |
_2ddc _cBK |
||
| 999 |
_c43566 _d43566 |
||